Foundations of Decision Analysis, Global Edition/

For courses in Decision Making and Engineering.   The Fundamentals of Analyzing and Making Decisions Foundations of Decision Analysis is a groundbreaking text that explores the art of decision making, both in life and in professional settings. By exploring themes such as dealing with uncertainty and...

Full description

Saved in:
Bibliographic Details
Main Authors: Abbas, Ali E. (Author), Howard, Ronald A. (Author)
Format: Electronic Book
Published: Harlow : Pearson International Content, 2015.
Edition:First edition
Subjects:
Online Access:https://resolver.vitalsource.com/9781292079745
Tags: Add Tag
No Tags, Be the first to tag this record!

MARC

LEADER 00000nam#a2200000 4500
001 9781292079745
003 VST
005 20260317120218.0
006 m o d
007 cr#un#---uucau
008 151209s2015 xxk o 00 0 eng d
020 |a  9781292079745   |q  (ebook)  
020 |z  9780134075273   |q  (ebook)  
020 |z  9781323576021   |q  (ebook)  
020 |z  9781292079691   |q  (book)  
020 |z  9780132336246   |q  (hardcover)  
020 |z  9780133485950   |q  (ebook)  
020 |z  9781323571583   |q  (ebook)  
040 |a VST  |b eng  |c VST  |d VST 
072 |a BUS041000  |2 bisacsh 
072 |a KJMD  |2 bicssc 
072 |a TBC  |2 bicssc 
072 |a KJQ  |2 bicssc 
072 |a KC  |2 bicssc 
072 |a JM  |2 bicssc 
100 1 |a Abbas, Ali E.  |e author 
245 1 0 |a Foundations of Decision Analysis, Global Edition/  |c  Ali E. Abbas, Ronald A. Howard. 
250 |a First edition 
264 1 |a Harlow :  |b Pearson International Content,  |c 2015. 
300 |a 1 online resource 
336 |a text  |b txt  |2 rdacontent 
337 |a computer  |b c  |2 rdamedia 
338 |a online resource  |b cr  |2 rdacarrier 
520 |a For courses in Decision Making and Engineering.   The Fundamentals of Analyzing and Making Decisions Foundations of Decision Analysis is a groundbreaking text that explores the art of decision making, both in life and in professional settings. By exploring themes such as dealing with uncertainty and understanding the distinction between a decision and its outcome, the First Edition teaches students to achieve clarity of action in any situation.   The book treats decision making as an evolutionary process from a scientific standpoint. Strategic decision-making analysis is presented as a tool to help students understand, discuss, and settle on important life choices. Through this text, students will understand the specific thought process that occurs behind approaching any decision to make easier and better life choices for themselves.   The full text downloaded to your computer With eBooks you can: search for key concepts, words and phrases make highlights and notes as you study share your notes with friends eBooks are downloaded to your computer and accessible either offline through the Bookshelf (available as a free download), available online and also via the iPad and Android apps. Upon purchase, you'll gain instant access to this eBook. Time limit The eBooks products do not have an expiry date. You will continue to access your digital ebook products whilst you have your Bookshelf installed. 
650 4 |a Business & Economics/Management 
700 1 |a Howard, Ronald A.  |e author 
776 0 8 |i Book version:  |t Foundations of Decision Analysis, Global Edition  |z 9781292079691 
776 0 8 |i Hardcover version:  |t Foundations of Decision Analysis, Global Edition  |z 9780132336246 
856 4 0 |u https://resolver.vitalsource.com/9781292079745 
999 |c 249598  |d 249597